INTRODUCTION TO NUMBER THEORY (Record no. 29182)
[ view plain ]
| 000 -LEADER | |
|---|---|
| fixed length control field | 00494cam a2200205ua 4500 |
| 001 - CONTROL NUMBER | |
| control field | 16259 |
| 003 - CONTROL NUMBER IDENTIFIER | |
| control field | OSt |
| 005 - DATE AND TIME OF LATEST TRANSACTION | |
| control field | 20230504100848.0 |
| 008 - FIXED-LENGTH DATA ELEMENTS--GENERAL INFORMATION | |
| fixed length control field | 060101n II |||gr||||Z||||||eng |
| 040 ## - CATALOGING SOURCE | |
| Original cataloging agency | MAIN |
| Transcribing agency | |
| 041 ## - LANGUAGE CODE | |
| Language code of text/sound track or separate title | English |
| 082 ## - DEWEY DECIMAL CLASSIFICATION NUMBER | |
| Classification number | 518 CHA |
| 100 ## - MAIN ENTRY--PERSONAL NAME | |
| Personal name | CHAUDHURY , AJAY KUMAR . |
| 245 ## - TITLE STATEMENT | |
| Title | INTRODUCTION TO NUMBER THEORY |
| 250 ## - EDITION STATEMENT | |
| Edition statement | Rep. |
| 260 ## - PUBLICATION, DISTRIBUTION, ETC. | |
| Place of publication, distribution, etc. | Guwahati |
| Name of publisher, distributor, etc. | NEW CENTRAL BOOK AGENCY, |
| Date of publication, distribution, etc. | 2012 |
| 300 ## - PHYSICAL DESCRIPTION | |
| Extent | 233: |
| Dimensions | 21CM. |
| 653 ## - INDEX TERM--UNCONTROLLED | |
| Uncontrolled term | Numerical analysis |
| 942 ## - ADDED ENTRY ELEMENTS (KOHA) | |
| Koha item type | Books |
| Source of classification or shelving scheme | Dewey Decimal Classification |
| Withdrawn status | Lost status | Source of classification or shelving scheme | Damaged status | Not for loan | Collection code | Home library | Current library | Shelving location | Date acquired | Full call number | Barcode | Date last seen | Price effective from | Koha item type | Public note |
|---|---|---|---|---|---|---|---|---|---|---|---|---|---|---|---|
| Dewey Decimal Classification | TBMAT | Central Library and Information Centre Sibsagar Girls College | Central Library and Information Centre Sibsagar Girls College | MATHEMATICS BOOK RACK | 28.08.2017 | 518 CHA | 40294 | 04.05.2023 | 04.05.2023 | Books | V | ||||
| Dewey Decimal Classification | TBMAT | Central Library and Information Centre Sibsagar Girls College | Central Library and Information Centre Sibsagar Girls College | MATHEMATICS BOOK RACK | 28.08.2017 | 518 CHA | 40295 | 04.05.2023 | 04.05.2023 | Books | V | ||||
| Dewey Decimal Classification | TBMAT | Central Library and Information Centre Sibsagar Girls College | Central Library and Information Centre Sibsagar Girls College | MATHEMATICS BOOK RACK | 28.08.2017 | 518 CHA | 40296 | 04.05.2023 | 04.05.2023 | Books | V | ||||
| Dewey Decimal Classification | TBMAT | Central Library and Information Centre Sibsagar Girls College | Central Library and Information Centre Sibsagar Girls College | MATHEMATICS BOOK RACK | 28.08.2017 | 518 CHA | 40297 | 04.05.2023 | 04.05.2023 | Books | V | ||||
| Dewey Decimal Classification | TBMAT | Central Library and Information Centre Sibsagar Girls College | Central Library and Information Centre Sibsagar Girls College | MATHEMATICS BOOK RACK | 28.08.2017 | 518 CHA | 40298 | 04.05.2023 | 04.05.2023 | Books | V |